000 00849cam a2200277L 4500
001 101111
005 20230411090057.0
008 091208s2008 mau 000 u eng d
035 _a(OCoLC)ocn475375905
040 _aDKDLA
_bdan
_cDKDLA
020 _a1598698451
020 _a9781598698459
029 0 _aDKDLA
_b36452908
035 _a(OCoLC)475375905
049 _aGRAL
245 0 0 _aGuerrilla publicity :
_bHundreds of sure-fire tactics to get maximum sales for minimum dollars. /
_cJay Conrad Levinson, Rick Frishman and Jill Lublin.
250 _a2. ed.
260 _aAvon, MA :
_bAdams Business,
_c2008.
300 _axvi, 336 p. ;
_c23 cm.
500 _aPrevious ed.: 2002.
650 4 _aPublic relations.
650 4 _aElektronisk markedsfring.
700 1 _aLevinson, Jay Conrad.
942 _2lcc
_cbk
994 _aC0
_bDRFGD
999 _c112083
_d112083